000
00293nam a2200109 a 4500
005
20201002034123.0
008
130823s2008 000 spa d
020
_a
9789703243884
245
3
_a
La presión atmosférica y la caída de los cuerpos.
260
_a
México,
_c
2008.
999
_c
39904
_d
39904
040
_a
DO-SdBNP